| 000 | 00419nam a22001217a 4500 | ||
|---|---|---|---|
| 999 |
_c66693 _d66690 |
||
| 100 |
_aShermeen Amjad _a15MESTR10 _aSupervisor - Dr . Nawab Ali Lakho |
||
| 245 | _aEffect of Inclusion of Rice Husk on The Shrinkage Behaviour of Unbaked Compressed Earth Blocks | ||
| 260 |
_aNawabshah _bQUEST _c2019 |
||
| 300 | _a40 | ||
| 700 | _aDepartment of Civil engineering | ||
| 856 | _uhttp://tinyurl.com/4ekurkc5 | ||
| 942 | _cTHESIS | ||